Ucapan-ucapan Dato Seri Dr. Mahathir Mohamad, 1989
| Main Author: | |
|---|---|
| Corporate Author: | |
| Format: | Book |
| Published: |
Kuala Lumpur :
Arkib Negara Malaysia
|
| Subjects: |
MARC
| LEADER | 00000cam a2200000 7i4500 | ||
|---|---|---|---|
| 001 | 0000019963 | ||
| 005 | 20080620.0 | ||
| 008 | 080620 | ||
| 020 | |a RM24..00 (Arkib) | ||
| 090 | 0 | 0 | |a 808.851 |b MAH |
| 100 | 1 | |a Mahathir Mohamad | |
| 245 | 1 | 0 | |a Ucapan-ucapan Dato Seri Dr. Mahathir Mohamad, 1989 |c Dato Seri Dr. Mahathir Mohamad |
| 260 | |a Kuala Lumpur : |b Arkib Negara Malaysia | ||
| 650 | 0 | |a Prime Minister |z Malaysia | |
| 650 | 0 | |a Speeches addresses, etc | |
| 710 | 1 | |a Arkib Negara Malaysia | |
| 999 | |a 0001023488 |b Book |c Adult Collection |e Perbadanan Perpustakaan Awam Johor | ||